| 000 | 01166cam a2200217 4500 | ||
|---|---|---|---|
| 001 | WB@3612-307 | ||
| 008 | 040728n2004 000 0 eng u | ||
| 035 | _a(Sirsi) u126958 | ||
| 245 | _aEnvironmental performances of businesses | ||
| 260 | _c2004 | ||
| 490 |
_aEnvironment Agency Press Release _v27 July 2004 (4) |
||
| 520 | _aThe Environment Agency has published its sixth annual report on the environmental performance of businesses in England and Wales - "Spotlight on business: environmental performance in 2003". Shows the number of pollution incidents from industry was down 12% on 2002 and by 43% over the last two years. Apparently risk-based regulation of the industry is working. The full report can be viewed at: http://www.environment-agency.gov.uk/business/4442 55/833726/?lang=_e. http://www.environment-agency.gov.uk/news/835108?l ang=_e®ion=&projectstatus=&theme=&subject=&sear chfor=&topic=&area=&month= | ||
| 590 | _aWB | ||
| 590 | _aWB | ||
| 650 | _aENVIRONMENTALLY COMPLIANT | ||
| 650 | _aRISK AVOIDANCE | ||
| 650 | _aENVIRONMENTAL PERFORMANCE | ||
| 650 | _aPOLLUTION | ||
| 690 | _aENVIRONMENT-AUDIT/ASSESSMENT | ||
| 942 | _n0 | ||
| 999 |
_c117784 _d117784 |
||